01305nam a2200373 a 450000100060000000300080000600500170001400600190003100700150005000800410006502000180010603500230012403500240014703500250017103500210019604000260021705000240024308000210026708200150028810000270030324500770033026000490040730000100045649000670046653301640053365000260069765000380072365000120076165300330077365500270080671000190083385600620085299900170091425895FlNmELB20241216215846.0m o d | cr cn|||||||||130510s2009 ag s 000 0 spa d z9781413505405 a(MiAaPQ)EBC3177299 a(Au-PeEL)EBL3177299 a(CaPaEBR)ebr10280777 a(OCoLC)928813352 aFlNmELBbspacFlNmELB 4aPQ6521bE778 2009eb a821.134.2-14"18"04a861/.52231 aEspronceda, José de.13aEl estudiante de Salamancah[recurso electronico]cJosé de Espronceda. aSanta Fe, Argentina :bEl Cid Editor,c2009. a82 p.0 aClásicos de la Literatura Española Carrascalejo de la Jara aRecurso electrónico. Santa Fe, Arg.: e-libro, 2015. Disponible vía World Wide Web. El acceso puede estar limitado para las bibliotecas afiliadas a e-libro. 4aLiteraturazEspaña. 0aSpanish literaturey19th century. 0aPoetry. aPoesía lírica española 4aLibros electrónicos.2 ae-libro, Corp.40uhttps://elibro.net/ereader/politecnicointernacional/34681 c25895d25895